| 000 | 00000nas 2200000za 4500 |
| 001 | 9.506796 |
| 003 | CaOODSP |
| 005 | 20221107133710 |
| 007 | cr ||||||||||| |
| 008 | 150406c20119999onchx p o f0 a0eng|d |
| 022 | |a2371-9036 |
| 040 | |aCaOODSP|beng |
| 043 | |an-cn--- |
| 086 | 1 |aHP7-1E-PDF |
| 222 | 0|aPerinatal health indicators for Canada ... |
| 245 | 00|aPerinatal health indicators for Canada ... |h[electronic resource]. |
| 260 | |aOttawa : |bPublic Health Agency of Canada, |cc2012- |
| 310 | |aTriennial |
| 362 | 1 |aBegan with 2011. |
| 500 | |aIssued also in French under title: Indicateurs de la santé périnatale au Canada. |
| 500 | |aFor the latest perinatal health data from the Canadian Perinatal Surveillance System of the Public Health Agency of Canada, please visit: Perinatal Health Indicators Quick Stats and Data Tool (https://health-infobase.canada.ca/PHI/) on the Public Health Infobase. |
| 520 | 3 |aProvides current information on major determinants and outcomes of maternal, fetal and infant health in Canada. |
| 692 | 07|2gccst|aHealth |
| 692 | 07|2gccst|aInfants |
| 692 | 07|2gccst|aPregnancy |
| 710 | 2 |aPublic Health Agency of Canada. |
| 775 | 08|tIndicateurs de la santé périnatale au Canada ... |w(CaOODSP)9.503191 |
| 776 | 0#|tPerinatal health indicators for Canada |w(CaOODSP)9.512354 |
| 780 | 00|tCanadian perinatal health report |w(CaOODSP)9.506795 |